<?xml version="1.0" encoding="UTF-8"?>
<record
    xmlns:xsi="http://www.w3.org/2001/XMLSchema-instance"
    xsi:schemaLocation="http://www.loc.gov/MARC21/slim http://www.loc.gov/standards/marcxml/schema/MARC21slim.xsd"
    xmlns="http://www.loc.gov/MARC21/slim">

  <leader>00465nam a2200169Ia 4500</leader>
  <controlfield tag="001">71282</controlfield>
  <controlfield tag="008">160226s9999    xx            000 0 und d</controlfield>
  <datafield tag="020" ind1=" " ind2=" ">
    <subfield code="a">9781472458551</subfield>
  </datafield>
  <datafield tag="040" ind1=" " ind2=" ">
    <subfield code="c">PK-LaUMT</subfield>
  </datafield>
  <datafield tag="082" ind1=" " ind2=" ">
    <subfield code="a"> 711.4</subfield>
    <subfield code="b">HAR-T</subfield>
  </datafield>
  <datafield tag="100" ind1=" " ind2=" ">
    <subfield code="a">Hart, Julian</subfield>
  </datafield>
  <datafield tag="245" ind1=" " ind2=" ">
    <subfield code="a">Towns and cities</subfield>
    <subfield code="b">function in form urban structures, economics and society</subfield>
    <subfield code="c">Hart, Julian</subfield>
  </datafield>
  <datafield tag="260" ind1=" " ind2=" ">
    <subfield code="a">Surrey,England:</subfield>
    <subfield code="b">Ashgate Publishing,</subfield>
    <subfield code="c">2015</subfield>
  </datafield>
  <datafield tag="300" ind1=" " ind2=" ">
    <subfield code="a">180 p.</subfield>
  </datafield>
  <datafield tag="546" ind1=" " ind2=" ">
    <subfield code="a">EN</subfield>
  </datafield>
  <datafield tag="942" ind1=" " ind2=" ">
    <subfield code="c">BK</subfield>
  </datafield>
  <datafield tag="999" ind1=" " ind2=" ">
    <subfield code="c">83645</subfield>
    <subfield code="d">83645</subfield>
  </datafield>
  <datafield tag="952" ind1=" " ind2=" ">
    <subfield code="0">0</subfield>
    <subfield code="1">0</subfield>
    <subfield code="4">0</subfield>
    <subfield code="7">0</subfield>
    <subfield code="a">01</subfield>
    <subfield code="b">01</subfield>
    <subfield code="d">2016-02-26</subfield>
    <subfield code="l">5</subfield>
    <subfield code="o"> 711.4 HAR-T</subfield>
    <subfield code="p">97857</subfield>
    <subfield code="q">2023-04-13</subfield>
    <subfield code="r">2022-12-14 00:00:00</subfield>
    <subfield code="s">2022-12-14</subfield>
    <subfield code="w">2016-02-26</subfield>
    <subfield code="y">BK</subfield>
  </datafield>
</record>
